[Event "USCF (Railway) Challenge"]
[Site "Limoges"]
[Date "2016.04.20"]
[Round "3"]
[White "Caderon, Michel"]
[Black "Jurasz, Antoni"]
[Result "0-1"]
[WhiteElo "2022"]
[BlackElo "2031"]
[PlyCount "96"]
[EventDate "2016.04.20"]
[EventType "swiss"]
[EventRounds "3"]
[EventCountry "FRA"]
[SourceTitle "EXT 2019"]
[Source "ChessBase"]
[SourceDate "2018.10.10"]
[SourceVersion "1"]
[SourceVersionDate "2018.10.10"]
[SourceQuality "1"]

1. e4 d6 2. d4 Nf6 3. Nc3 e5 4. Nf3 exd4 5. Nxd4 Be7 6. Be2 0-0 7. 0-0 c6 8. Re1 g6 9. h3 Nbd7 10. f4 Nc5 11. Bf3 Ne6 12. Be3 Qc7 13. Qd3 Nc5 14. Qd2 a5 15. a4 Ne8 16. b3 b6 17. Nxc6 Bh4 18. Bf2 Bxf2+ 19. Qxf2 Be6 20. e5 Kh8 21. Nb5 Qd7 22. exd6 Rc8 23. Nca7 Rb8 24. Rad1 Ng7 25. Qd4 h5 26. Nc6 Rbc8 27. Ne5 Qd8 28. Na7 Qh4 29. Nxc8 Rxc8 30. f5 Qxd4+ 31. Rxd4 Nxf5 32. Rd2 Rd8 33. d7 Kg7 34. Bc6 Ne7 35. Bb5 f6 36. Nc6 Nxc6 37. Bxc6 Kf8 38. Rde2 Bxd7 39. Rd2 Re8 40. Rxe8+ Kxe8 41. Bxd7+ Nxd7 42. Kf2 Ke7 43. Ke3 Ke6 44. Kd4 Ne5 45. Re2 Kd6 46. c3 g5 47. b4 Ng6 48. Kc4 Nf4 0-1

[Event "France Railways-ch"]
[Site "Montdidier"]
[Date "2014.09.01"]
[Round "2"]
[White "Le Bouil, Jean Louis"]
[Black "Jurasz, Antoni"]
[Result "0-1"]
[WhiteElo "1929"]
[BlackElo "2023"]
[PlyCount "43"]
[EventDate "2014.09.??"]
[EventType "swiss"]
[EventRounds "5"]
[EventCountry "FRA"]
[SourceTitle "EXT 2015"]
[Source "ChessBase"]
[SourceDate "2014.11.20"]
[SourceVersion "1"]
[SourceVersionDate "2014.11.20"]
[SourceQuality "1"]

1. e4 c6 2. Nc3 d5 3. Qf3 dxe4 4. Nxe4 Nd7 5. Qg3 Ngf6 6. Ng5 e5 7. Bc4 Nd5 8. N1f3 Be7 9. d3 b5 10. Bb3 0-0 11. h4 Nc5 12. Nxe5 Nxb3 13. axb3 f6 14. Nxh7 fxe5 15. Nxf8 Qxf8 16. Qxe5 Bd6 17. Qh5 Qe7+ 18. Kd1 Bd7 19. Re1 Qf6 20. f3 Bg3 21. Bg5 Qxb2 22. Re8+ 0-1

[Event "St Mandrier IDF-ch"]
[Site "St Mandrier"]
[Date "2012.04.04"]
[Round "3"]
[White "Gillet, Richard"]
[Black "Jurasz, Antoni"]
[Result "1/2-1/2"]
[WhiteElo "2061"]
[BlackElo "2034"]
[PlyCount "55"]
[EventDate "2012.04.03"]
[EventType "swiss"]
[EventRounds "6"]
[EventCountry "FRA"]
[SourceTitle "EXT 2014"]
[Source "ChessBase"]
[SourceDate "2013.11.20"]
[SourceVersion "1"]
[SourceVersionDate "2013.11.20"]
[SourceQuality "1"]

1. e4 d5 2. exd5 Qxd5 3. Nc3 Qa5 4. d4 Nf6 5. Bc4 c6 6. Bd2 Qd8 7. Nf3 Bf5 8. Qe2 e6 9. 0-0-0 Be7 10. h3 b5 11. g4 Bxg4 12. hxg4 bxc4 13. g5 Nd5 14. Qxc4 Nxc3 15. Qxc3 Qd5 16. Qb3 Nd7 17. c4 Qf5 18. Qe3 Nb6 19. Nh4 Qg4 20. Rdg1 Qh5 21. Nf3 Qg6 22. Ne5 Qf5 23. c5 Nd5 24. Qf3 Qxf3 25. Nxf3 f6 26. Re1 Kf7 27. Rh4 Rhe8 28. Rhe4 1/2-1/2

[Event "St Mandrier IDF-ch"]
[Site "St Mandrier"]
[Date "2012.04.03"]
[Round "2"]
[White "Jurasz, Antoni"]
[Black "Prevot, Emmanuel"]
[Result "1/2-1/2"]
[WhiteElo "2034"]
[BlackElo "2116"]
[PlyCount "161"]
[EventDate "2012.04.03"]
[EventType "swiss"]
[EventRounds "6"]
[EventCountry "FRA"]
[SourceTitle "EXT 2014"]
[Source "ChessBase"]
[SourceDate "2013.11.20"]
[SourceVersion "1"]
[SourceVersionDate "2013.11.20"]
[SourceQuality "1"]

1. e4 g6 2. d4 Bg7 3. Nf3 c5 4. c3 cxd4 5. cxd4 d5 6. exd5 Nf6 7. Nc3 Nxd5 8. Bc4 Nb6 9. Bb3 0-0 10. 0-0 Bg4 11. h3 Bxf3 12. Qxf3 Nc6 13. Be3 Qd7 14. d5 Na5 15. Rfd1 Nxb3 16. axb3 Nc8 17. Qe2 a6 18. Ne4 Nd6 19. Nc5 Qb5 20. Qxb5 Nxb5 21. Rd2 Nd6 22. Bf4 Rfd8 23. Bxd6 Rxd6 24. Nxb7 Rb6 25. Na5 Rb5 26. Ra2 Rd8 27. Nc6 Rd7 28. Rxa6 Rxb3 29. Ra8+ Bf8 30. Na5 Rb5 31. Rc2 Rdxd5 32. b4 Kg7 33. Rcc8 Rxb4 34. Rxf8 Rd2 35. Rg8+ Kh6 36. Rgc8 Rb1+ 37. Kh2 Rxf2 38. Nc4 Re1 39. Ra3 Ree2 40. Ne3 Kg7 41. Rac3 f5 42. Rc2 f4 43. Rxe2 Rxe2 44. Nd5 f3 45. Kg1 Rxg2+ 46. Kf1 Kf7 47. Nf4 Rh2 48. Rc3 e5 49. Rxf3 exf4 50. Rxf4+ Ke6 51. Rf3 Ke5 52. Kg1 Rb2 53. Rf7 h5 54. Rf8 Rb4 55. Kh2 Rf4 56. Ra8 Rb4 57. Rf8 Rb6 58. Kg3 g5 59. Rh8 Rb3+ 60. Kg2 h4 61. Re8+ Kf5 62. Rf8+ Ke6 63. Re8+ Kf7 64. Ra8 Rg3+ 65. Kh2 Re3 66. Kg2 Kf6 67. Rf8+ Ke5 68. Rd8 Ke4 69. Re8+ Kd3 70. Ra8 Re2+ 71. Kg1 Ke3 72. Re8+ Kf3 73. Ra8 Re3 74. Kh2 Re2+ 75. Kh1 Kf4 76. Ra4+ Re4 77. Ra8 Kf3 78. Kh2 Kf2 79. Ra1 Re2 80. Ra8 Kf3+ 81. Kh1 1/2-1/2